Normal view
MARC view
- Women college students
Entry Topical Term
001 - CONTROL NUMBER
- control field: 153769
003 - CONTROL NUMBER IDENTIFIER
- control field: TR-AnTOB
005 - DATE AND TIME OF LATEST TRANSACTION
- control field: 20260417141206.0
008 - FIXED-LENGTH DATA ELEMENTS
- fixed length control field: 260417n|eazannbab| |n aaa d
035 ## - SYSTEM CONTROL NUMBER
- System control number: (TR-AnTOB)153769
040 ## - CATALOGING SOURCE
- Original cataloging agency: TR-AnTOB
- Transcribing agency: TR-AnTOB
150 ## - HEADING--TOPICAL TERM
- Topical term or geographic name entry element: Women college students
- Form subdivision: Drama
450 ## - SEE FROM TRACING--TOPICAL TERM
- Topical term or geographic name entry element: Kadın üniversite öğrencileri
- Form subdivision: Drama
688 ## - APPLICATION HISTORY NOTE
- Institution to which field applies: TR-AnTOB
- Application history note: Op 17.04.2026



